[Event "Colonia de Sant Jordi op-A"]
[Site "Colonia de Sant Jordi"]
[Date "2022.06.10"]
[Round "7"]
[White "Marin Badenas, Vicente"]
[Black "Herbold, Manfred"]
[Result "0-1"]
[WhiteElo "1661"]
[BlackElo "2031"]
[PlyCount "56"]
[EventDate "2022.06.04"]
[EventType "swiss"]
[EventRounds "9"]
[EventCountry "ESP"]
[SourceTitle "CBM 208 Extra"]
[Source "ChessBase"]
[SourceDate "2022.07.31"]
[SourceVersion "1"]
[SourceVersionDate "2022.07.31"]
[SourceQuality "1"]

1. d4 Nf6 2. c4 c5 3. d5 b5 4. b3 e6 5. dxe6 fxe6 6. Bf4 bxc4 7. bxc4 Nc6 8. e3 d5 9. cxd5 exd5 10. Qa4 Bd7 11. Bb5 Nb4 12. Bxd7+ Qxd7 13. Qxd7+ Kxd7 14. Na3 Nd3+ 15. Ke2 Nxf4+ 16. exf4 Rb8 17. Rd1 Rb2+ 18. Rd2 Rxd2+ 19. Kxd2 c4 20. Nc2 Bc5 21. f3 d4 22. Nh3 Rb8 23. Rd1 Kc6 24. Ng5 Nd5 25. Ne6 d3 26. Ncd4+ Kd6 27. Nxc5 Kxc5 28. Ne6+ Kd6 0-1

[Event "Palma de Mallorca op"]
[Site "Palma de Mallorca"]
[Date "2021.11.25"]
[Round "4"]
[White "Mueller, Reinhard"]
[Black "Marin Badenas, Vicente"]
[Result "1-0"]
[WhiteElo "2109"]
[BlackElo "1675"]
[PlyCount "102"]
[EventDate "2021.11.22"]
[EventType "swiss"]
[EventRounds "7"]
[EventCountry "ESP"]
[SourceTitle "CBM 205 Extra"]
[Source "ChessBase"]
[SourceDate "2022.01.31"]
[SourceVersion "1"]
[SourceVersionDate "2022.01.31"]
[SourceQuality "1"]

1. e4 c5 2. c3 d5 3. exd5 Qxd5 4. d4 cxd4 5. Nf3 Nc6 6. cxd4 Nf6 7. Nc3 Qa5 8. Be3 e6 9. a3 Be7 10. Bd3 Bd7 11. 0-0 0-0 12. Rc1 Rac8 13. Bb1 Rfd8 14. Qd3 g6 15. Rfd1 Bf8 16. Bg5 Be7 17. Ba2 Be8 18. Qe3 Ng4 19. Qf4 Bxg5 20. Nxg5 Qf5 21. Qxf5 exf5 22. Nd5 h6 23. Nf3 Kg7 24. Nc3 Nf6 25. Rd2 Ne4 26. Rdd1 f6 27. d5 Nb8 28. Nd4 Bf7 29. f3 Nd6 30. Ne6+ Bxe6 31. dxe6 Ne8 32. e7 Rxd1+ 33. Rxd1 Nc6 34. Rd7 Rc7 35. Rxc7 Nxc7 36. Nd5 Ne8 37. b4 Kf7 38. Nf4+ Kxe7 39. Nxg6+ Kd6 40. f4 Nd4 41. Bb1 Nc7 42. Kf2 Ncb5 43. Nh4 Ke6 44. Ke3 Nxa3 45. Ba2+ Kd6 46. Kxd4 Nc2+ 47. Kc3 Ne3 48. Kd3 Ng4 49. Nxf5+ Kc7 50. h3 Nf2+ 51. Kd4 Nd1 1-0

[Event "Campos Migjorn op"]
[Site "Campos"]
[Date "2019.09.28"]
[Round "8"]
[White "Marin Badenas, Vicente"]
[Black "Rubert Alfonso, Victor"]
[Result "0-1"]
[WhiteElo "1865"]
[BlackElo "1891"]
[PlyCount "80"]
[EventDate "2019.09.06"]
[EventType "swiss"]
[EventRounds "8"]
[EventCountry "ESP"]
[SourceTitle "EXT 2020"]
[Source "ChessBase"]
[SourceDate "2019.10.17"]
[SourceVersion "1"]
[SourceVersionDate "2019.10.17"]
[SourceQuality "1"]

1. c4 Nf6 2. Nc3 c5 3. g3 g6 4. Bg2 Bg7 5. e4 d6 6. d3 Nc6 7. Nge2 0-0 8. 0-0 Rb8 9. Rb1 a6 10. a3 b5 11. cxb5 axb5 12. b4 Ba6 13. d4 cxd4 14. Nxd4 Nxd4 15. Qxd4 Nd7 16. Qe3 Ne5 17. Nd5 e6 18. Nf4 Rc8 19. Rd1 Rc2 20. Qb3 Qc7 21. Bb2 Rc8 22. Bh3 Bb7 23. Bxe5 Bxe5 24. Nxe6 Qb6 25. Nc5 Rc3 26. Nd7 Qa7 27. Nxe5 Rxb3 28. Rxb3 Rc2 29. Ng4 h5 30. Ne3 Ra2 31. Rbd3 Bxe4 32. Rxd6 Qxa3 33. Rd8+ Kg7 34. R8d7 Qb2 35. Rf1 Qf6 36. Rc7 Rb2 37. Bg2 Bd3 38. Bd5 Bxf1 39. Rxf7+ Qxf7 40. Bxf7 Bh3 0-1

[Event "Campos Migjorn op"]
[Site "Campos"]
[Date "2019.09.13"]
[Round "3"]
[White "Llado Jaume, Jaume"]
[Black "Marin Badenas, Vicente"]
[Result "1/2-1/2"]
[WhiteElo "1629"]
[BlackElo "1865"]
[PlyCount "74"]
[EventDate "2019.09.06"]
[EventType "swiss"]
[EventRounds "8"]
[EventCountry "ESP"]
[SourceTitle "EXT 2020"]
[Source "ChessBase"]
[SourceDate "2019.10.17"]
[SourceVersion "1"]
[SourceVersionDate "2019.10.17"]
[SourceQuality "1"]

1. d4 Nf6 2. c4 d6 3. Nf3 g6 4. Nc3 Bg7 5. e4 0-0 6. Be2 e5 7. d5 a5 8. 0-0 Na6 9. Ne1 Nc5 10. f3 Nh5 11. Nd3 Nxd3 12. Bxd3 Nf4 13. Ne2 g5 14. Rb1 f5 15. a3 Rf6 16. b4 axb4 17. axb4 Qe8 18. Nxf4 gxf4 19. Qc2 Qh5 20. exf5 Bxf5 21. Bxf5 Rxf5 22. Bb2 Rf6 23. Ra1 Rxa1 24. Rxa1 Rh6 25. h3 Rg6 26. Kh1 Qh4 27. Bc3 b6 28. Be1 Qe7 29. Ra8+ Bf8 30. Qe4 Qg5 31. Ra2 Kf7 32. Qe2 Qd8 33. Qe4 Be7 34. Qf5+ Kg7 35. Ra7 Rf6 36. Qe4 Qb8 37. Ra2 b5 1/2-1/2